000 00454nam a2200133Ia 4500
008 260210s9999 xx 000 0 und d
024 _a04B-030-TE & 04B-016-TE
082 _a621.3845072 KHA
100 _aShahzaib Ashraf Khan & Syed Ammar Alavi
245 0 _aG.S.M.EDGE Architecture and Monolithic to Layered Conversion
260 _aKarachi:
_bUITU,
_c2004
600 _aTelecommunication Engineering
650 _aBachelor of Engineering (BE)
999 _c33533
_d33533